000 00294nam a22001217a 4500
999 _c12710
_d12710
020 _a9780753540879
082 _a658.110
100 _aBridge,Rachel
245 _aHow to Start a Business Without Any Money/
260 _aUK
_bVirgin Books Publisher
_c2012
300 _a288, pages.
942 _cBK